Robotic Platforms for Assistance to People with Disabilities (Record no. 24621)
[ view plain ]
| 000 -LEADER | |
|---|---|
| fixed length control field | 00886nam a2200133Ia 4500 |
| 008 - FIXED-LENGTH DATA ELEMENTS--GENERAL INFORMATION | |
| fixed length control field | 220620s9999||||xx |||||||||||||| ||und|| |
| 020 ## - INTERNATIONAL STANDARD BOOK NUMBER | |
| International Standard Book Number | 9783040000000 |
| 245 #0 - TITLE STATEMENT | |
| Title | Robotic Platforms for Assistance to People with Disabilities |
| 546 ## - LANGUAGE NOTE | |
| Language note | English[eng] |
| 650 ## - SUBJECT ADDED ENTRY--TOPICAL TERM | |
| Topical term or geographic name entry element | sensors||electronic platform||machine learning||wearables||hand motor rehabilitation||sEMG||hand pose||social robot||physical human-robot interaction||assistive robotics||collaborative robots||brain–machine interfaces||EEG||exoskeleton||motor imagery||human–robot interaction||human pose estimation||robotic rehabilitation||visually impaired assistance||navigation system||knowledge graph||dialogue system||NLP||reasoning||multimodal interfaces||robotic exoskeleton||n/a |
| 700 ## - ADDED ENTRY--PERSONAL NAME | |
| Personal name | Jara, Carlos A.||Corrales Ramón, Juan Antonio |
| 856 ## - ELECTRONIC LOCATION AND ACCESS | |
| Uniform Resource Identifier | <a href="https://mdpi.com/books/pdfview/book/5314">https://mdpi.com/books/pdfview/book/5314</a> |
| 942 ## - ADDED ENTRY ELEMENTS (KOHA) | |
| Koha item type | E-Books |
| Withdrawn status | Lost status | Damaged status | Not for loan | Home library | Current library | Date acquired | Total Checkouts | Date last seen | Price effective from | Koha item type |
|---|---|---|---|---|---|---|---|---|---|---|
| Kerala University of Digital Sciences, Innovation and Technology Knowledge Centre | Kerala University of Digital Sciences, Innovation and Technology Knowledge Centre | 20/06/2022 | 20/06/2022 | 20/06/2022 | E-Books |